000
00247nam a2200097Ia 4500
001
680008
005
20250826161333.0
008
250824s9999 xx 000 0 und d
245
0
_a
DEDE KORKUT HİKAYELERİ
_c
HASAN SELİM HACIOĞLU
260
_b
İSKELE
999
_c
680008
_d
680008